[Event "Titled Tuesday intern op 20th Sep Early"]
[Site "Chess.com INT"]
[Date "2022.09.20"]
[Round "7"]
[White "Zaichenko, Daria"]
[Black "Aqib, Javaid Butt"]
[Result "0-1"]
[WhiteElo "2104"]
[BlackElo "1759"]
[PlyCount "94"]
[EventDate "2022.09.20"]
[EventType "swiss (blitz)"]
[EventRounds "11"]
[EventCountry "USA"]
[SourceTitle "EXT 2023"]
[Source "ChessBase"]
[SourceDate "2022.10.05"]
[SourceVersion "1"]
[SourceVersionDate "2022.10.05"]
[SourceQuality "1"]

1. e4 c5 2. Nf3 d6 3. d4 cxd4 4. Nxd4 Nf6 5. Nc3 a6 6. Be2 e5 7. Nb3 Be6 8. Be3 Nbd7 9. 0-0 Be7 10. f4 Qc7 11. f5 Bc4 12. Nd2 Bxe2 13. Qxe2 Rc8 14. Rad1 Nb6 15. Qf2 Nc4 16. Nxc4 Qxc4 17. Qf3 b5 18. Rd3 b4 19. Nd5 Nxd5 20. b3 Qxc2 21. Rc1 Qxc1+ 22. Bxc1 Rxc1+ 23. Rd1 Rxd1+ 24. Qxd1 Nc3 25. Qd3 0-0 26. Qxa6 d5 27. exd5 Nxd5 28. Qb7 Rd8 29. g4 Bf6 30. Kg2 e4 31. Kf2 e3+ 32. Kf3 Re8 33. Qd7 Kf8 34. Qd6+ Kg8 35. Qd7 Rd8 36. Qb7 h6 37. h3 Re8 38. Qd7 Re7 39. Qc8+ Kh7 40. Ke2 Nc3+ 41. Ke1 e2 42. Qc4 Bh4+ 43. Kd2 e1Q+ 44. Kc2 Qe2+ 45. Qxe2 Rxe2+ 46. Kd3 Rxa2 47. Kc4 Rh2 0-1

[Event "Titled Tuesday intern op 13th Sep Early"]
[Site "Chess.com INT"]
[Date "2022.09.13"]
[Round "4"]
[White "Aqib, Javaid Butt"]
[Black "Devaev, Alexander"]
[Result "0-1"]
[WhiteElo "1759"]
[BlackElo "2325"]
[PlyCount "74"]
[EventDate "2022.09.13"]
[EventType "swiss (blitz)"]
[EventRounds "11"]
[EventCountry "USA"]
[SourceTitle "EXT 2023"]
[Source "ChessBase"]
[SourceDate "2022.10.05"]
[SourceVersion "1"]
[SourceVersionDate "2022.10.05"]
[SourceQuality "1"]

1. e4 c6 2. d4 d5 3. e5 Bf5 4. Nf3 e6 5. c4 Nd7 6. Nc3 Bb4 7. cxd5 cxd5 8. Bd3 Ne7 9. 0-0 0-0 10. Bg5 Bg6 11. Bxg6 fxg6 12. Qd3 Bxc3 13. bxc3 Nb6 14. Rab1 Qd7 15. Rb4 Nc6 16. Rbb1 Nc4 17. Be3 Rac8 18. Ng5 Ne7 19. Rb3 Rc7 20. Qe2 Nf5 21. Bc1 Rfc8 22. Qg4 Na5 23. Ra3 b6 24. Qh3 h6 25. g4 Ne7 26. Nf3 Rxc3 27. Rxc3 Rxc3 28. Qg2 Nac6 29. Be3 b5 30. Nh4 Qe8 31. g5 h5 32. Qf3 Qf7 33. Qe2 Rc4 34. Qb2 a6 35. Qa3 Nxd4 36. Bxd4 Rxd4 37. Qxa6 Rxh4 0-1